| 000 | 00736cam a2200241 a 4500 | ||
|---|---|---|---|
| 008 | |||
| 020 | _a0521587468 (pbk.) | ||
| 049 | _aMAIN | ||
| 090 | _aQA927 | ||
| 100 | 1 | _aDrumheller, D. S. | |
| 245 | 1 | 0 |
_aIntroduction to wave propagation in nonlinear fluids and solids / _cD.S. Drumheller. |
| 260 |
_aCambridge : _bCambridge University Press, _c1998. |
||
| 300 |
_axix, 513 p. : _bill. ; _c26 cm. |
||
| 500 | _aIncludes index. | ||
| 504 | _aIncludes bibliographical references. | ||
| 650 | 0 | _aWave-motion, Theory of. | |
| 650 | 0 | _aNonlinear waves. | |
| 907 |
_a.b10012308 _b12-09-05 _c17-04-03 |
||
| 003 | |||
| 005 | 20230123133126.0 | ||
| 040 | _cNUST | ||
| 942 |
_cBOOKS _kQA927 |
||
| 999 |
_c143168 _d143168 |
||